Financie malých a stredných podnikov vo svetle všeobecnej hospodárskej krízy diplomová práca

Gespeichert in:
Bibliographische Detailangaben
1. Verfasser: Dubovský, Samuel
Körperschaft: Národohospodárska fakulta EU. Katedra hospodárskej politiky
Weitere Verfasser: Bašová, Alena, 1961-
Format: Buch
Sprache:Slowakisch
Veröffentlicht: Bratislava 2015
Tags: Tag hinzufügen
Keine Tags, Fügen Sie das erste Tag hinzu!

MARC

LEADER 00000nbm a2200000 4500
001 0202572
005 20161212095719.3
041 0 |a slo 
044 |a SK 
245 1 0 |a Financie malých a stredných podnikov vo svetle všeobecnej hospodárskej krízy  |b diplomová práca  |c Samuel Dubovský ; školiteľ: Alena Bašová 
264 1 |a Bratislava  |c 2015 
300 |a 55 s. 
100 1 |a Dubovský, Samuel 
700 1 |a Bašová, Alena, 1961- 
710 2 |a Národohospodárska fakulta EU. Katedra hospodárskej politiky